[Event "Tournoi Skype 029B"]
[Site "Skype"]
[Date "????.??.??"]
[Round "5.73"]
[White "Buyukurvay, Yagmur"]
[Black "Cunha Pires, Odsel Jorge Geronimo"]
[Result "0-1"]
[WhiteElo "1000"]
[BlackElo "1000"]
[PlyCount "20"]

1. e4 c5 2. e5 d6 3. Nf3 g6 4. Nc3 Nc6 5. Bc4 Bg7 6. Bb5 a6 7. d4 cxd4 8. Qxd4
axb5 9. Nxb5 Nxd4 10. a3 Nxb5 0-1

[Event "Tournoi Skype 029B"]
[Site "Skype"]
[Date "????.??.??"]
[Round "5.74"]
[White "Da Silva, Jussara Maria"]
[Black "Mantelli Filho, Artur"]
[Result "1/2-1/2"]
[WhiteElo "1000"]
[BlackElo "1000"]
[PlyCount "72"]

1. e4 e5 2. Nf3 Nc6 3. Bc4 Bc5 4. c3 Nf6 5. d3 d6 6. O-O O-O 7. Be3 Bxe3 8.
fxe3 Nd7 9. Nbd2 Ne7 10. Nh4 d5 11. exd5 c5 12. d6 Nc6 13. Qf3 a6 14. Bxf7+
Rxf7 15. Qxf7+ Kh8 16. Rf5 h6 17. Rh5 Nf6 18. Ng6+ Kh7 19. Nf8+ Qxf8 20. Qxf8
Nxh5 21. Rf1 b5 22. e4 Bb7 23. Rf7 Rxf8 24. Rxf8 Nf6 25. d4 cxd4 26. Nf3 d3 27.
h4 Nxe4 28. Ng5+ Kg6 29. Nf3 d2 30. Nxd2 Nxd2 31. Kf2 e4 32. Ke3 Nf1+ 33. Rxf1
Na5 34. Kd2 h5 35. Rf4 Nc4+ 36. Kd1 Nxb2+ 1/2-1/2

[Event "Tournoi Skype 029B"]
[Site "Skype"]
[Date "????.??.??"]
[Round "6.1"]
[White "Munoz Gonzalez, Martin"]
[Black "Escudero Ocana, Francisco"]
[Result "0-1"]
[WhiteElo "1400"]
[BlackElo "1395"]
[PlyCount "114"]

1. Nf3 d5 2. b3 Nf6 3. Bb2 c5 4. e3 Bg4 5. Be2 Bxf3 6. Bxf3 e6 7. c4 Nc6 8. d3
d4 9. exd4 cxd4 10. O-O e5 11. Nd2 Qc7 12. Re1 Rd8 13. Bxc6+ bxc6 14. Nf3 c5
15. Rxe5+ Be7 16. Qe1 Rd7 17. Qe2 O-O 18. Re1 Re8 19. Ba3 h6 20. Bxc5 Bxc5 21.
Rxe8+ Nxe8 22. Qxe8+ Kh7 23. Qe4+ g6 24. Ne5 Re7 25. f4 Bb4 26. Re2 Qd6 27. g3
f5 28. Qf3 g5 29. Kf2 Qf6 30. Nc6 Rxe2+ 31. Kxe2 Bd6 32. Ne5 Bxe5 33. fxe5
Qxe5+ 34. Kf2 g4 35. Qf4 Qc5 36. Qd2 a5 37. a4 Kg6 38. Qe2 Qc6 39. Kg1 Qd6 40.
Qe8+ Kg5 41. Qg8+ Kf6 42. Qh8+ Ke7 43. Qg7+ Ke8 44. Qg8+ Ke7 45. Qg7+ Kd8 46.
Qg8+ Kc7 47. Qf7+ Qd7 48. Qxd7+ Kxd7 49. Kf2 Kc6 50. Ke2 Kc5 51. Kd2 Kb4 52.
Kc2 h5 53. Kb2 h4 54. gxh4 f4 55. h5 f3 56. h6 f2 57. h7 f1=Q 0-1

[Event "Tournoi Skype 029B"]
[Site "Skype"]
[Date "????.??.??"]
[Round "6.2"]
[White "Harmelle, Dominique"]
[Black "Fernandez Arrizabala, Raul"]
[Result "0-1"]
[WhiteElo "1402"]
[BlackElo "1000"]
[PlyCount "86"]

1. d4 d5 2. Bf4 e6 3. e3 Nf6 4. Nf3 a6 5. Nbd2 Bd7 6. a4 Nc6 7. c3 Nh5 8. Bg3
g6 9. Be2 Bg7 10. Nb3 b6 11. Nbd2 Qe7 12. Bxc7 Nf6 13. Bg3 Nh5 14. Qc2 Nxg3 15.
hxg3 f6 16. e4 O-O 17. Bd3 dxe4 18. Nxe4 f5 19. Neg5 h5 20. Nh3 g5 21. Nhg1 e5
22. Bc4+ Kh8 23. dxe5 Nxe5 24. Nxe5 Qxe5+ 25. Ne2 b5 26. Bd3 bxa4 27. O-O-O a3
28. b3 Rfc8 29. Bc4 Bb5 30. Rd5 Qe8 31. Re1 Bxc4 32. bxc4 Rab8 33. Qd2 Qa4 34.
Qc2 Qxc4 35. Red1 a2 36. Kd2 Qxd5+ 37. Ke1 Qc4 38. Qxf5 Bxc3+ 39. Nxc3 Qxc3+
40. Kf1 a1=Q 41. Rxa1 Qxa1+ 42. Ke2 Re8+ 43. Kf3 Rf8 0-1

[Event "Tournoi Skype 029B"]
[Site "Skype"]
[Date "????.??.??"]
[Round "6.3"]
[White "Abdulrazzaq, Mohsen"]
[Black "Felippe E Silva, Glenda"]
[Result "1/2-1/2"]
[WhiteElo "1249"]
[BlackElo "1207"]
[PlyCount "96"]

1. e4 c6 2. Nf3 d5 3. e5 Bg4 4. d4 e6 5. Be3 Nd7 6. h3 Bxf3 7. Qxf3 Ne7 8. Bd3
Ng6 9. Nd2 Rc8 10. c3 c5 11. dxc5 Nxc5 12. Bxc5 Bxc5 13. Nb3 Bb6 14. Bb5+ Ke7
15. Qe2 a6 16. Bd3 Qc7 17. Bxg6 hxg6 18. O-O Rh5 19. Rae1 Rh4 20. Nd2 Ba7 21.
Nf3 Re4 22. Qd2 Ra4 23. b3 Re4 24. Rxe4 dxe4 25. Ng5 Qxe5 26. Rd1 Kf8 27. Qd6+
Qxd6 28. Rxd6 Rxc3 29. Rd7 Rc2 30. Nxe4 Rxa2 31. Rxb7 Bd4 32. Kf1 f5 33. Ng5
Rxf2+ 34. Ke1 Rxg2 35. Nxe6+ Kg8 36. Nxd4 f4 37. Ne6 f3 38. Rxg7+ Kh8 39. Rf7
Re2+ 40. Kf1 Rxe6 41. Rxf3 Kg7 42. Kg2 Rb6 43. Kg3 Rb4 44. Rc3 a5 45. Rf3 a4
46. bxa4 Rxa4 47. h4 Kh6 48. Rf8 g5 1/2-1/2

[Event "Tournoi Skype 029B"]
[Site "Skype"]
[Date "????.??.??"]
[Round "6.4"]
[White "Alarcon Alarcon, Marina"]
[Black "Loaisiga Perez, Carlos Alberto"]
[Result "0-1"]
[WhiteElo "1198"]
[BlackElo "1374"]
[PlyCount "28"]

1. e4 c5 2. Nf3 d6 3. d4 cxd4 4. Nxd4 Nf6 5. Nc3 g6 6. Bb5+ Bd7 7. Qe2 Bg7 8.
Be3 O-O 9. Bxd7 Nbxd7 10. O-O Nc5 11. Qd3 Nxd3 12. cxd3 e5 13. Nf3 d5 14. Rad1
d4 0-1

[Event "Tournoi Skype 029B"]
[Site "Skype"]
[Date "????.??.??"]
[Round "6.5"]
[White "Conde, Abigail"]
[Black "Amato, Ludovica"]
[Result "0-1"]
[WhiteElo "1112"]
[BlackElo "1346"]
[PlyCount "124"]

1. d4 d5 2. e3 Nf6 3. c4 c6 4. c5 Bf5 5. Nd2 Nbd7 6. Ne2 e5 7. Nf3 Qc7 8. Ng3
Bg6 9. b4 h6 10. Bb2 exd4 11. Bxd4 Be7 12. Be2 O-O 13. a4 a5 14. b5 cxb5 15.
Bxb5 Nxc5 16. O-O Rfd8 17. Be5 Qb6 18. Qd4 Ncd7 19. Qxb6 Nxb6 20. Bc7 Nbd7 21.
Bxd8 Rxd8 22. Nh4 Bh7 23. Rad1 Nc5 24. f4 Nce4 25. Nxe4 Nxe4 26. Nf3 Bc5 27.
Rfe1 f6 28. Bc4 Nc3 29. Rd2 Nxa4 30. Bb3 Bb4 31. Red1 Bxd2 32. Rxd2 Nc5 33. Nd4
Nxb3 34. Nxb3 b6 35. Nd4 Rc8 36. h4 Rc3 37. f5 Rxe3 38. g4 Rg3+ 39. Kf2 Rxg4
40. Re2 Rxd4 41. Rb2 Bxf5 42. Rxb6 a4 43. Ke3 Rxh4 44. Rd6 a3 45. Rxd5 Ra4 46.
Rxf5 a2 47. Rf1 a1=Q 48. Rxa1 Rxa1 49. Kf4 Ra5 50. Kg3 Kf7 51. Kh4 Kg6 52. Kg4
Ra4+ 53. Kf3 Kf5 54. Ke3 Ke5 55. Kf3 f5 56. Kg3 g5 57. Kh3 Ra3+ 58. Kg2 Kf4 59.
Kf2 Ra2+ 60. Ke1 Ke3 61. Kd1 Rh2 62. Ke1 Rh1# 0-1

[Event "Tournoi Skype 029B"]
[Site "Skype"]
[Date "????.??.??"]
[Round "6.6"]
[White "Guillaume, Mickael"]
[Black "Lago Carballo, Maria Del Carmen"]
[Result "1/2-1/2"]
[WhiteElo "1106"]
[BlackElo "1328"]
[PlyCount "66"]

1. e4 d5 2. exd5 Qxd5 3. Nc3 Qd8 4. Bc4 Nf6 5. d4 Bf5 6. Nf3 e6 7. O-O c6 8. a3
Bd6 9. Bd3 Bg4 10. Ne4 Bxf3 11. Qxf3 Nxe4 12. Qxe4 Nd7 13. Bd2 Nf6 14. Qh4 Be7
15. f3 g6 16. Bh6 Nh5 17. Qf2 Bf6 18. c3 a6 19. Be4 Qd6 20. Rfd1 Nf4 21. c4 Rd8
22. c5 Qc7 23. Qe3 Nd5 24. Bxd5 Rxd5 25. Bf4 Qd7 26. Bd6 Be7 27. Bxe7 Qxe7 28.
Rab1 O-O 29. b4 Rfd8 30. b5 axb5 31. Rd2 Qf6 32. Rbd1 Qg5 33. f4 Qf6 1/2-1/2

[Event "Tournoi Skype 029B"]
[Site "Skype"]
[Date "????.??.??"]
[Round "6.7"]
[White "Lovisi, Francesco"]
[Black "Vervoort, Jean-Louis"]
[Result "1-0"]
[WhiteElo "1000"]
[BlackElo "1273"]
[PlyCount "61"]

1. d4 d5 2. c4 c6 3. Nf3 Bg4 4. e3 Nf6 5. Be2 Bxf3 6. Bxf3 e6 7. O-O Bd6 8. Nd2
O-O 9. Qc2 Nbd7 10. e4 dxe4 11. Nxe4 Nxe4 12. Qxe4 Nf6 13. Qe2 Qc7 14. g3 Rad8
15. Bg5 Be7 16. Rfd1 Rd7 17. Bf4 Bd6 18. Be5 Bxe5 19. dxe5 Ne8 20. Be4 g6 21.
Bc2 Ng7 22. Rxd7 Qxd7 23. Rd1 Qc7 24. h4 h5 25. Qe3 Nf5 26. Bxf5 gxf5 27. Qg5+
Kh8 28. Qxh5+ Kg7 29. Qg5+ Kh7 30. Qf6 Qd8 31. Rxd8 1-0

[Event "Tournoi Skype 029B"]
[Site "Skype"]
[Date "????.??.??"]
[Round "6.8"]
[White "Fernandez Zaldivar, Antonio"]
[Black "De Coninck, Philippe"]
[Result "0-1"]
[WhiteElo "1246"]
[BlackElo "1173"]
[PlyCount "106"]

1. e4 e5 2. Nf3 Nc6 3. Bb5 a6 4. Ba4 Nf6 5. O-O b5 6. Bb3 Nxe4 7. Re1 d5 8. d3
Nf6 9. Nxe5 Nxe5 10. Rxe5+ Be7 11. Bg5 O-O 12. Qe1 Be6 13. Nd2 Ng4 14. Bxe7
Qxe7 15. Bxd5 Rad8 16. Rxe6 fxe6 17. Bxe6+ Kh8 18. Bxg4 Qb4 19. Bf3 Qxb2 20.
Qc1 Qxc1+ 21. Rxc1 c5 22. Ne4 c4 23. dxc4 bxc4 24. Nc5 Rf6 25. Rd1 Rxd1+ 26.
Bxd1 Rd6 27. Bf3 Rd2 28. Nxa6 Rxc2 29. Kf1 Rxa2 30. Nc5 c3 31. Nd3 Rd2 32. Be4
c2 33. Nc1 Rd1+ 34. Ke2 Rxc1 35. Kd2 Rf1 36. Kxc2 Rxf2+ 37. Kd3 h5 38. Ke3 Rf6
39. h3 g5 40. g4 hxg4 41. hxg4 Rf4 42. Bf5 Kg7 43. Ke2 Kf6 44. Bc8 Ke5 45. Ke3
Rc4 46. Bf5 Rc3+ 47. Kd2 Kd4 48. Ke2 Ke5 49. Kf2 Kf4 50. Bd7 Rc2+ 51. Ke1 Ke3
52. Kd1 Rd2+ 53. Kc1 Rxd7 0-1

[Event "Tournoi Skype 029B"]
[Site "Skype"]
[Date "????.??.??"]
[Round "6.9"]
[White "Graham, Neil"]
[Black "Sanchez Padilla, Armando Edilber"]
[Result "1-0"]
[WhiteElo "1000"]
[BlackElo "1240"]
[PlyCount "81"]

1. d4 g6 2. c4 Bg7 3. Bf4 Nf6 4. Nc3 c6 5. e4 Nh5 6. Bg3 d6 7. Nf3 Bg4 8. Be2
Nf6 9. O-O O-O 10. e5 dxe5 11. Nxe5 Bf5 12. Bf3 e6 13. d5 cxd5 14. cxd5 exd5
15. Nxd5 Na6 16. Nxf6+ Bxf6 17. Bxb7 Rb8 18. Bxa6 Rb6 19. Bc4 Rxb2 20. Qxd8
Bxd8 21. Rad1 Rc2 22. Bxf7+ Kg7 23. Bb3 Rc3 24. Rfe1 Ba5 25. Re3 Rxe3 26. fxe3
Re8 27. Ba4 Re7 28. Nc6 Rxe3 29. Nxa5 Ra3 30. Be5+ Kh6 31. Rd4 Rxa2 32. Nb3 Bc2
33. Nc5 Ra1+ 34. Kf2 Bb1 35. Rh4+ Kg5 36. Bxa1 Kxh4 37. Bd4 g5 38. Ne6 Bf5 39.
g3+ Kg4 40. Ng7 Bg6 41. Bd7+ 1-0

[Event "Tournoi Skype 029B"]
[Site "Skype"]
[Date "????.??.??"]
[Round "6.10"]
[White "Khatanhar, Mohit"]
[Black "Barrera Mendoza, Carlos"]
[Result "1-0"]
[WhiteElo "1218"]
[BlackElo "1000"]
[PlyCount "45"]

1. e4 e5 2. Nf3 Nc6 3. Bc4 Nf6 4. Nc3 Bc5 5. O-O a6 6. Be2 O-O 7. d3 h6 8. h3
d5 9. exd5 Nxd5 10. Nxd5 Qxd5 11. c3 Re8 12. Re1 Bf5 13. Qc2 Rad8 14. Nh4 Bh7
15. Bf3 Qd6 16. Be3 Qe7 17. Bxc5 Qxc5 18. Be4 Bxe4 19. Rxe4 Rf8 20. Nf5 Rd7 21.
Qe2 f6 22. Qg4 Rxd3 23. Qxg7# 1-0

[Event "Tournoi Skype 029B"]
[Site "Skype"]
[Date "????.??.??"]
[Round "6.11"]
[White "Franco, Yolima"]
[Black "Nicolini, Francesco"]
[Result "1-0"]
[WhiteElo "1517"]
[BlackElo "1000"]
[PlyCount "55"]

1. d4 c5 2. c3 Nc6 3. e4 cxd4 4. cxd4 e6 5. a3 d5 6. e5 Nge7 7. Nf3 Nf5 8. Bb5
Qa5+ 9. Nc3 Bb4 10. Bd2 Bxc3 11. Bxc6+ bxc6 12. Bxc3 Qb6 13. O-O Bd7 14. Bb4
Rb8 15. Rc1 a5 16. Bc3 O-O 17. Qd2 Ra8 18. Rc2 Rfc8 19. Rb1 c5 20. dxc5 Rxc5
21. b4 axb4 22. Rxb4 Qc6 23. Rg4 Rxa3 24. Qg5 Raxc3 25. Re2 Rc1+ 26. Ne1 R5c4
27. Rxc4 Qxc4 28. Qd8+ 1-0

[Event "Tournoi Skype 029B"]
[Site "Skype"]
[Date "????.??.??"]
[Round "6.12"]
[White "San Isidoro, Josep"]
[Black "Dos Reis Cabrera, Jose Manuel"]
[Result "0-1"]
[WhiteElo "1405"]
[BlackElo "1202"]
[PlyCount "42"]

1. d4 d6 2. e4 Nf6 3. Nc3 Nbd7 4. Bf4 e5 5. dxe5 dxe5 6. Be3 Be7 7. Nf3 a6 8.
Bd3 b5 9. a3 Bb7 10. O-O c5 11. Nd2 c4 12. Be2 O-O 13. f3 Nc5 14. b3 Ne6 15.
bxc4 bxc4 16. Nxc4 Qc7 17. Qe1 Nf4 18. Bxf4 exf4 19. Rd1 a5 20. Rd2 Ba6 21. a4
Bxc4 0-1

[Event "Tournoi Skype 029B"]
[Site "Skype"]
[Date "????.??.??"]
[Round "6.13"]
[White "Martinez Perez, Carlos"]
[Black "Garganese, Paolo"]
[Result "1-0"]
[WhiteElo "1404"]
[BlackElo "1199"]
[PlyCount "39"]

1. e4 c5 2. Nf3 Nf6 3. Nc3 d6 4. Bb5+ Bd7 5. Bxd7+ Nbxd7 6. O-O g6 7. Re1 Bg7
8. Nd5 O-O 9. c3 e6 10. Nxf6+ Nxf6 11. d4 Qc7 12. Bf4 Nh5 13. Be3 c4 14. Qc1 b5
15. Bh6 f5 16. Bxg7 Nxg7 17. Qh6 Ne8 18. Ng5 Rf6 19. e5 Rf8 20. Nxe6 1-0

[Event "Tournoi Skype 029B"]
[Site "Skype"]
[Date "????.??.??"]
[Round "6.14"]
[White "Yepez, German"]
[Black "Jones, Malcolm"]
[Result "1-0"]
[WhiteElo "1191"]
[BlackElo "1315"]
[PlyCount "157"]

1. d4 d6 2. c3 Nf6 3. h3 Nbd7 4. Nf3 e5 5. dxe5 dxe5 6. Qc2 c6 7. e3 Qc7 8. g3
Be7 9. Bg2 Nf8 10. Nbd2 h6 11. Ne4 g5 12. Nxf6+ Bxf6 13. Bd2 Be6 14. b3 Ng6 15.
O-O-O Qa5 16. Qb2 O-O 17. c4 Qc7 18. Bc3 Qe7 19. Nxe5 Nxe5 20. Bxe5 Bxe5 21.
Qxe5 Qa3+ 22. Qb2 Qxb2+ 23. Kxb2 Rad8 24. f4 g4 25. h4 h5 26. Kc2 f5 27. Rxd8
Rxd8 28. Rd1 Rxd1 29. Kxd1 Kf7 30. e4 Ke7 31. e5 Kd7 32. Kd2 Kc7 33. c5 Bd5 34.
Bf1 Be6 35. Kc3 b6 36. cxb6+ Kxb6 37. a3 a5 38. a4 Bd5 39. Bc4 Kc5 40. e6 Kd6
41. Bxd5 cxd5 42. e7 Kxe7 43. b4 axb4+ 44. Kxb4 Kd6 45. Kb5 d4 46. Kc4 d3 47.
Kxd3 Kc5 48. a5 Kb5 49. Kd4 Kxa5 50. Ke5 Kb5 51. Kxf5 Kc6 52. Ke6 Kc7 53. Ke7
Kc6 54. f5 Kd5 55. f6 Ke4 56. f7 Kf3 57. f8=Q+ Kxg3 58. Qf6 Kh3 59. Qg5 g3 60.
Qxh5 g2 61. Qg5 Kh2 62. h5 g1=Q 63. Qxg1+ Kxg1 64. h6 Kf2 65. h7 Ke3 66. h8=Q
Ke4 67. Qh5 Kf4 68. Ke6 Ke4 69. Qe5+ Kf3 70. Kf6 Kg4 71. Qg5+ Kf3 72. Ke5 Kf2
73. Qg4 Ke3 74. Qg3+ Kd2 75. Kd4 Kc2 76. Qd3+ Kc1 77. Qe2 Kb1 78. Qd2 Ka1 79.
Kc3 1-0

[Event "Tournoi Skype 029B"]
[Site "Skype"]
[Date "????.??.??"]
[Round "6.15"]
[White "Reese, Evan"]
[Black "Ponz Lazaro, Ruperto"]
[Result "0-1"]
[WhiteElo "1102"]
[BlackElo "1285"]
[PlyCount "74"]

1. e4 d5 2. exd5 Qxd5 3. Nc3 Qd6 4. g3 Nc6 5. Bg2 Nf6 6. Nge2 Bg4 7. O-O O-O-O
8. d3 e5 9. Be3 Nd4 10. Qd2 Qd7 11. Nxd4 exd4 12. Bxd4 Qxd4 13. Nb5 Qb6 14. c4
c6 15. Nc3 Bb4 16. Rab1 Qd4 17. a3 Bxc3 18. bxc3 Qxd3 19. Qb2 Qd7 20. Rfe1 Rhe8
21. f3 Rxe1+ 22. Rxe1 Be6 23. a4 Qd2 24. Rb1 Qxb2 25. Rxb2 Bxc4 26. Kf2 Rd3 27.
Bh3+ Kc7 28. Re2 Kd6 29. Rc2 Be6 30. Ke2 Rd5 31. g4 h5 32. c4 Re5+ 33. Kd3 hxg4
34. fxg4 Nxg4 35. Bg2 Bf5+ 36. Kc3 Bxc2 37. Kxc2 Re2+ 0-1

[Event "Tournoi Skype 029B"]
[Site "Skype"]
[Date "????.??.??"]
[Round "6.16"]
[White "Castellanos Gonzalez, Mariano"]
[Black "Bucherie, Volcy"]
[Result "1-0"]
[WhiteElo "1000"]
[BlackElo "1274"]
[PlyCount "79"]

1. e4 d5 2. exd5 Nf6 3. Nc3 Bf5 4. Qf3 Bg4 5. Qd3 g6 6. Qb5+ c6 7. dxc6 bxc6 8.
Qb7 Nbd7 9. Qxc6 Rc8 10. Qa4 Bg7 11. Be2 O-O 12. Bxg4 Nxg4 13. Qxg4 Nf6 14. Qh3
Qd4 15. d3 Ng4 16. Be3 Nxe3 17. Qxe3 Qxe3+ 18. fxe3 Bxc3+ 19. bxc3 Rxc3 20. Kd2
Rfc8 21. Rc1 a5 22. Ne2 Ra3 23. Ra1 Kg7 24. Rhb1 Ra4 25. c4 Kf6 26. a3 h5 27.
Nc3 h4 28. Nxa4 g5 29. Rb6+ e6 30. Ra6 g4 31. Rxa5 h3 32. g3 e5 33. Rf1+ Ke6
34. Nc5+ Kd6 35. Ne4+ Ke6 36. Rf6+ Ke7 37. Ra7+ Kf8 38. Rfxf7+ Kg8 39. Nf6+ Kh8
40. Rh7# 1-0

[Event "Tournoi Skype 029B"]
[Site "Skype"]
[Date "????.??.??"]
[Round "6.17"]
[White "Battaglia, Gabriele"]
[Black "Vaquero, Roberto"]
[Result "1-0"]
[WhiteElo "1271"]
[BlackElo "1123"]
[PlyCount "105"]

1. Nf3 c5 2. g3 d6 3. Bg2 Be6 4. Ng5 Bc8 5. O-O h6 6. Nf3 Nf6 7. d3 Nc6 8. Nbd2
g6 9. Re1 Bg7 10. c3 O-O 11. Qc2 Re8 12. d4 cxd4 13. cxd4 Bf5 14. Qb3 Na5 15.
Qb4 Rc8 16. Nh4 b6 17. Nxf5 gxf5 18. Nb3 Rc4 19. Qd2 Nxb3 20. axb3 Rc7 21. d5
Qd7 22. Qd3 Rec8 23. Bh3 e6 24. dxe6 fxe6 25. Bf4 Nd5 26. Bd2 Bxb2 27. Rab1 Bg7
28. Bxf5 Qf7 29. Be4 Rf8 30. f4 h5 31. f5 Ne7 32. fxe6 Qxe6 33. Bb4 Rd7 34.
Red1 Be5 35. Bd5 Nxd5 36. Qxd5 Qxd5 37. Rxd5 Rfd8 38. Rbd1 Kf7 39. Kg2 Kg6 40.
h3 h4 41. gxh4 Kh5 42. Kf3 Kxh4 43. Kg2 Rg8+ 44. Kf3 Rf7+ 45. Ke3 Rg3+ 46. Kd2
Rxh3 47. Bxd6 Bxd6 48. Rxd6 Rxb3 49. Rd4+ Kg3 50. Rd3+ Rxd3+ 51. exd3 Rc7 52.
Rc1 Kf4 53. Rxc7 1-0

[Event "Tournoi Skype 029B"]
[Site "Skype"]
[Date "????.??.??"]
[Round "6.18"]
[White "Moumtaz, Abderrahim"]
[Black "Funez, Lilian"]
[Result "0-1"]
[WhiteElo "1260"]
[BlackElo "1088"]
[PlyCount "122"]

1. d4 Nf6 2. c4 d5 3. cxd5 Nxd5 4. e4 Nb6 5. Nf3 g6 6. Be3 Bg7 7. Qd2 O-O 8.
Bh6 N8d7 9. a4 Bxh6 10. Qxh6 Nf6 11. a5 Nbd7 12. Bd3 Nc5 13. Bc2 Ncxe4 14. O-O
Nxf2 15. Rxf2 Ng4 16. Qh4 Nxf2 17. Qxf2 f6 18. Nc3 Qd6 19. Nb5 Qd7 20. Ba4 c6
21. Nc3 Qd8 22. Bb3+ Kh8 23. d5 cxd5 24. Bxd5 e6 25. Bb3 e5 26. Ne4 Bf5 27. Ng3
Bg4 28. Nd2 Qd3 29. Bc4 Qc2 30. b3 Rad8 31. Nge4 g5 32. Qe1 Bf5 33. Rc1 Qb2 34.
a6 Rd4 35. axb7 Bxe4 36. Nxe4 Rxe4 37. Qf1 Qd4+ 38. Qf2 Qxf2+ 39. Kxf2 Rd4 40.
Be2 Rb4 41. Rc8 Kg7 42. Rxf8 Kxf8 43. b8=Q+ Rxb8 44. Bc4 f5 45. Ke3 Ke7 46. Kd3
Kf6 47. Ke3 Rc8 48. h3 a5 49. Kd3 e4+ 50. Kd4 Rd8+ 51. Ke3 Ke5 52. g3 f4+ 53.
gxf4+ gxf4+ 54. Ke2 Rc8 55. Kd2 e3+ 56. Ke2 a4 57. Bd3 a3 58. Bb1 Rc1 59. Bxh7
a2 60. Be4 a1=Q 61. b4 Kxe4 0-1

[Event "Tournoi Skype 029B"]
[Site "Skype"]
[Date "????.??.??"]
[Round "6.19"]
[White "De Nobrega, George"]
[Black "Quiel, Aristoteles"]
[Result "0-1"]
[WhiteElo "1205"]
[BlackElo "1066"]
[PlyCount "52"]

1. e4 c6 2. Nf3 d5 3. exd5 cxd5 4. d4 Nc6 5. Be2 Bf5 6. O-O Nb4 7. Bd3 Nxd3 8.
cxd3 e6 9. Bg5 f6 10. Bf4 h6 11. Re1 Ne7 12. Nh4 g5 13. Nxf5 Nxf5 14. Rxe6+ Kf7
15. Re1 gxf4 16. Qh5+ Kg7 17. Qxf5 Bb4 18. Re2 Qc7 19. f3 Qc1+ 20. Kf2 Rhe8 21.
Qd7+ Kf8 22. Re6 Be1+ 23. Ke2 Rxe6+ 24. Qxe6 Re8 25. Qxe8+ Kxe8 26. a4 Qxb2+
0-1

[Event "Tournoi Skype 029B"]
[Site "Skype"]
[Date "????.??.??"]
[Round "6.20"]
[White "Luna Perez Vico, Lorenzo"]
[Black "Sosa, Juan Carlos"]
[Result "0-1"]
[WhiteElo "1386"]
[BlackElo "1121"]
[PlyCount "62"]

1. e4 e5 2. Nf3 Nc6 3. Bc4 Bc5 4. a3 Nf6 5. Nc3 d6 6. h3 h6 7. d3 a6 8. O-O b5
9. Ba2 b4 10. axb4 Nxb4 11. Bc4 Nc6 12. Na4 Ba7 13. Nc3 Nd4 14. Nxd4 Bxd4 15.
Nd5 c6 16. Nb4 Qd7 17. c3 Bb6 18. Qe2 O-O 19. Be3 Bxe3 20. Qxe3 d5 21. exd5
cxd5 22. Bxa6 d4 23. Qxe5 Rd8 24. Bxc8 Raxc8 25. c4 Re8 26. Qf4 Rb8 27. Qd2 Qb7
28. Ra4 Nh5 29. Re1 Rxe1+ 30. Qxe1 Nf4 31. Qd2 Qxg2# 0-1

[Event "Tournoi Skype 029B"]
[Site "Skype"]
[Date "????.??.??"]
[Round "6.21"]
[White "Lopes, Marcia Maria"]
[Black "Ortis, Yves"]
[Result "1-0"]
[WhiteElo "1363"]
[BlackElo "1096"]
[PlyCount "141"]

1. d4 d5 2. Bf4 e6 3. e3 Nc6 4. Nf3 f6 5. h3 Bb4+ 6. c3 Ba5 7. Nbd2 a6 8. Bd3
Nge7 9. Bh2 O-O 10. Bc2 b5 11. a3 Bb6 12. O-O a5 13. e4 e5 14. dxe5 Nxe5 15.
Nxe5 fxe5 16. Bxe5 Rf7 17. Nf3 Ng6 18. exd5 Bf5 19. Bxf5 Rxf5 20. Bg3 h6 21.
Rc1 Qf6 22. d6 c6 23. b4 Rd5 24. Qc2 Nf4 25. Rcd1 Re8 26. Bxf4 Rf5 27. d7 Rf8
28. Rfe1 Rxf4 29. Re8 Bd8 30. Rxf8+ Qxf8 31. Qe2 Qf6 32. Qd3 Qf5 33. Qxf5 Rxf5
34. Nd4 Rf6 35. Nb3 Kf8 36. Nxa5 Ke7 37. Nb7 g5 38. Nc5 Rd6 39. Rxd6 Kxd6 40.
Kf1 Ke7 41. Ke2 Bb6 42. Nb7 Kxd7 43. Kf3 Ke6 44. Ke4 Kd7 45. Nc5+ Kd6 46. Nd3
Ke6 47. f4 gxf4 48. Nxf4+ Kf6 49. h4 Bc7 50. g4 Kf7 51. Kf5 Bxf4 52. Kxf4 Kf6
53. h5 Kg7 54. Kf5 Kf7 55. Ke5 Ke7 56. Kf5 Kf7 57. g5 hxg5 58. Kxg5 Kg8 59. Kf6
Kh7 60. Ke6 Kh6 61. Kd6 Kxh5 62. Kxc6 Kg6 63. Kxb5 Kf7 64. Kc5 Ke8 65. a4 Kd8
66. b5 Kc8 67. a5 Kb7 68. a6+ Ka7 69. Kc6 Kb8 70. c4 Ka8 71. b6 1-0

[Event "Tournoi Skype 029B"]
[Site "Skype"]
[Date "????.??.??"]
[Round "6.22"]
[White "Jimenez Del Rosario, Alsis Raynely"]
[Black "Duthoit, Bernard"]
[Result "1-0"]
[WhiteElo "1082"]
[BlackElo "1338"]
[PlyCount "63"]

1. d4 e5 2. dxe5 Nc6 3. Nf3 Qe7 4. Bf4 Qb4+ 5. Bd2 Qxb2 6. Bc3 Bb4 7. Bxb4 Nxb4
8. Nd4 Qxa1 9. a3 Qb2 10. axb4 Qxb4+ 11. c3 Qb6 12. Na3 Ne7 13. e3 O-O 14. Nc4
Qg6 15. g3 b6 16. Bd3 Qh6 17. O-O Bb7 18. Qg4 c5 19. Nf5 Nxf5 20. Qxf5 Bd5 21.
Qxd7 Be6 22. Qc6 Rac8 23. Qb7 Rfd8 24. Nd6 Rb8 25. Qxa7 Bd5 26. Nf5 Qh5 27.
Ne7+ Kf8 28. Nxd5 Qxe5 29. c4 b5 30. Qxc5+ Kg8 31. Ne7+ Kh8 32. Qxe5 1-0

[Event "Tournoi Skype 029B"]
[Site "Skype"]
[Date "????.??.??"]
[Round "6.23"]
[White "Schuh, David"]
[Black "Codina, Teresa"]
[Result "1-0"]
[WhiteElo "1072"]
[BlackElo "1310"]
[PlyCount "105"]

1. e4 c5 2. d3 d6 3. g3 Nf6 4. Bg2 Nc6 5. Nf3 e6 6. Bg5 Be7 7. c4 Bd7 8. Nc3
O-O 9. O-O Rc8 10. Re1 a6 11. a4 Nd4 12. Nxd4 cxd4 13. Ne2 Qb6 14. Qc2 Bc6 15.
a5 Qc5 16. Bxf6 Bxf6 17. Qd2 h6 18. b4 Qa7 19. f4 e5 20. f5 Bg5 21. Qc2 g6 22.
fxg6 fxg6 23. c5 d5 24. exd5 Bb5 25. h4 Be3+ 26. Kh2 Qb8 27. Bh3 Rf2+ 28. Bg2
Qc7 29. Rf1 Rcf8 30. d6 Qd7 31. Qd1 g5 32. hxg5 hxg5 33. Ng1 Bc6 34. Rxf2 Rxf2
35. Qb3+ Kf8 36. Rf1 Bxg2 37. Rxf2+ Bxf2 38. Kxg2 Be3 39. Nf3 Qc6 40. Qe6 Qe8
41. Qxe5 Qxe5 42. Nxe5 Ke8 43. Kf3 Kd8 44. c6 bxc6 45. Nxc6+ Kd7 46. Nb8+ Kxd6
47. Nxa6 Kc6 48. Nc5 Kc7 49. b5 Bd2 50. a6 Kb6 51. Nd7+ Kxb5 52. a7 Ka6 53.
a8=Q+ 1-0

[Event "Tournoi Skype 029B"]
[Site "Skype"]
[Date "????.??.??"]
[Round "6.24"]
[White "Cengiz, Ali Ekber"]
[Black "Ruiz Aguilera, Juan Jesus"]
[Result "1-0"]
[WhiteElo "1299"]
[BlackElo "1083"]
[PlyCount "55"]

1. e4 e5 2. Nf3 Nc6 3. Bc4 h6 4. Nc3 Nf6 5. a3 Bc5 6. h3 a6 7. O-O O-O 8. d3 b5
9. Ba2 Bb7 10. Ne2 Re8 11. Ng3 Nd4 12. Nh4 Be7 13. c3 Ne6 14. Nf3 d6 15. Be3
Kh7 16. Qd2 Ng8 17. Rad1 c5 18. b4 Bg5 19. Nxg5+ hxg5 20. Qe2 g6 21. Qf3 Qf6
22. Qe2 cxb4 23. axb4 d5 24. exd5 Bxd5 25. Bxd5 Rad8 26. Bb7 Rd6 27. Ne4 Nf4
28. Nxf6+ 1-0

[Event "Tournoi Skype 029B"]
[Site "Skype"]
[Date "????.??.??"]
[Round "6.25"]
[White "Yepes Bermudez, Maribel"]
[Black "Gomez Caballero, Blas"]
[Result "0-1"]
[WhiteElo "1287"]
[BlackElo "1081"]
[PlyCount "112"]

1. e4 e6 2. d4 d5 3. e5 Nc6 4. Nf3 h6 5. Bb5 Bd7 6. c3 a6 7. Ba4 b5 8. Bb3 Na5
9. Bc2 Ne7 10. O-O Nf5 11. Re1 Nh4 12. Nbd2 Nc4 13. g3 Nxf3+ 14. Nxf3 Be7 15.
Rb1 Na5 16. b3 b4 17. Bb2 Bb5 18. Kg2 Qd7 19. h4 O-O-O 20. Nd2 Qc6 21. Re3 g5
22. Rf3 Rdf8 23. hxg5 hxg5 24. Re3 Rfg8 25. Qf3 Qe8 26. Qg4 Rh6 27. Nf3 Nb7 28.
cxb4 Nd8 29. a4 Bc6 30. b5 axb5 31. Rc3 f6 32. Bd3 b4 33. Ba6+ Kb8 34. Rc2 Rgh8
35. Nd2 Rh2+ 36. Kf3 fxe5 37. dxe5 Qf8+ 38. Ke3 Bb7 39. Bxb7 Kxb7 40. Qd4 Qxf2+
41. Kd3 Qxg3+ 42. Qe3 Qxe3+ 43. Kxe3 R8h3+ 44. Kd4 Nc6+ 45. Rxc6 Kxc6 46. Rc1+
Kb6 47. Rc2 g4 48. a5+ Kxa5 49. Bc1 g3 50. Rxc7 Bd8 51. Rc8 Bb6+ 52. Kd3 g2+
53. Kc2 g1=Q 54. Rc6 Qg6+ 55. Kb2 Qe8 56. Rd6 Bc5 0-1

[Event "Tournoi Skype 029B"]
[Site "Skype"]
[Date "????.??.??"]
[Round "6.26"]
[White "Tembhurnekar, Ritu"]
[Black "Gerbaux, Regis"]
[Result "0-1"]
[WhiteElo "1219"]
[BlackElo "1062"]
[PlyCount "100"]

1. d4 e5 2. Nf3 Nc6 3. dxe5 Qe7 4. c3 Nxe5 5. Nxe5 Qxe5 6. Nd2 d5 7. e3 Nf6 8.
Bd3 Bc5 9. O-O Ng4 10. Nf3 Qe7 11. Bc2 Bd6 12. g3 O-O 13. Qd3 Nf6 14. Qd4 Qe6
15. Qh4 Qh3 16. Qxh3 Bxh3 17. Rd1 c6 18. Rd4 Bg4 19. Kg2 Rfe8 20. b3 c5 21. Rd2
Rad8 22. Bb2 Bc7 23. c4 dxc4 24. Rxd8 Rxd8 25. bxc4 Bxf3+ 26. Kxf3 Rd2 27. Rc1
Nd7 28. a4 Ne5+ 29. Bxe5 Bxe5 30. Be4 b6 31. Rc2 Rxc2 32. Bxc2 g6 33. Ke4 f6
34. Kd5 Kf8 35. f4 Bc3 36. e4 Ke7 37. e5 fxe5 38. fxe5 a6 39. h4 Be1 40. h5
gxh5 41. Bxh7 Bxg3 42. e6 h4 43. Bf5 Be1 44. Bg4 Bc3 45. Kc6 Ba5 46. Kb7 b5 47.
axb5 axb5 48. cxb5 c4 49. b6 c3 50. Ka6 Bxb6 0-1